Blood, bread, and poetry : Selected prose, 1979-1985

שמור ב:
מידע ביבליוגרפי
מחבר ראשי: Rich, Adrienne Cecile.
פורמט: ספר
שפה:Undetermined
יצא לאור: New York Norton 1994
נושאים:
תגים: הוספת תג
אין תגיות, היה/י הראשונ/ה לתייג את הרשומה!
Thư viện lưu trữ: Trung tâm Học liệu Trường Đại học Cần Thơ
LEADER 00568nam a2200205Ia 4500
001 CTU_231326
008 210402s9999 xx 000 0 und d
082 |a 811.54 
082 |b R498 
100 |a Rich, Adrienne Cecile. 
245 0 |a Blood, bread, and poetry : 
245 0 |b Selected prose, 1979-1985 
245 0 |c Adrienne Rich. 
260 |a New York 
260 |b Norton 
260 |c 1994 
650 |a American poetry,Thơ Mỹ 
650 |y 20th century.,Thế kỷ 20 
910 |a Tuyến 
980 |a Trung tâm Học liệu Trường Đại học Cần Thơ